| 000 | 01886cam a2200265 4500 | ||
|---|---|---|---|
| 001 | L60815 | ||
| 008 | 2015 | ||
| 035 | _a(Sirsi) u60815 | ||
| 041 | _aeng | ||
| 050 | _a711.4094212 | ||
| 100 | _aEverett, Philip | ||
| 245 |
_aCity of London unitary development plan _h[electronic resource] |
||
| 260 |
_aLondon _bCorporation of London _c2015 |
||
| 520 | _aThe Local Plan is the strategy for planning the City of London. It sets out the vision for shaping the Square Mile in the future and contains the policies which guide planning decisions. The Local Plan sets out the City Corporation?s vision, strategy, objectives and policies for planning the City of London. It provides a spatial framework that brings together and co-ordinates a range of strategies prepared by the City Corporation, its partners and other agencies and authorities. It includes policies for deciding development proposals. It takes account of projected changes in the economy, employment, housing need, transport demand, and seeks to maintain the quality of the City?s environment and its historic environment. It provides the strategy and policies for shaping the City until 2026 and beyond. | ||
| 650 | _aPLANNING GUIDANCE | ||
| 650 | _aPLANNING POLICY | ||
| 650 | _aSTRATEGIC PLANNING | ||
| 650 | _aUDP | ||
| 650 | _aUNITARY DEVELOPMENT PLANS | ||
| 690 | _aPLANNING LAW AND PRACTICE | ||
| 710 |
_aLondon _bCorporation of London _bDepartment of Planning _91552 |
||
| 856 | 4 | 0 |
_uhttps://www.cityoflondon.gov.uk/services/environment-and-planning/planning/planning-policy/local-plan/Pages/default.aspx _zView at www.cityoflondon.gov.uk |
| 856 | 4 | 0 |
_uhttps://www.cityoflondon.gov.uk/services/environment-and-planning/planning/planning-policy/local-plan/Documents/local-plan-2015.pdf/local-plan/Pages/default.aspx _zView the plan at www.cityoflondon.gov.uk |
| 942 | _n0 | ||
| 999 |
_c94256 _d94256 |
||